| 000 | 00831nam a2200241Ia 4500 | ||
|---|---|---|---|
| 003 | OSt | ||
| 005 | 20220927105648.0 | ||
| 006 | a|||||r|||| 00| 0 | ||
| 007 | ta | ||
| 008 | 220926b |||||||| |||| 00| 0 eng d | ||
| 024 | _a195138 | ||
| 037 | _cReference Collections | ||
| 040 |
_aRTL _cRTL _beng |
||
| 041 |
_2eng _aeng |
||
| 082 | _a"Y:(G:5).25253, M4/Th" | ||
| 100 |
_aSHARMA Mumta Mayee _9374059 |
||
| 245 | 0 | _aHuman ecology of the Khadar tracts in Meerut district. | |
| 260 |
_a"Delhi," _b"University of Delhi, " _c1984 |
||
| 300 |
_a284p Bibliography at the end _ccm. |
||
| 490 | _a"University of Delhi, Geography (Deptt. of-), Thesis. Thesis, University of Delhi, Geography (Deptt. of-" | ||
| 942 |
_h"Y:(G:5).25253, M4/Th" _cCC |
||
| 999 |
_c693753 _d693753 |
||